Science Quiz

Random Science or Anatomy Quiz

Human Digestive System Quiz Stats

Quiz Updated Sep 2, 2015

Challenge
Share
Tweet
Score 0/11 Timer 03:00
64 Plays Today
% Correct
Stomach
88%
Liver
87.1%
Small Intestine
85.7%
Esophagus
82.8%
Large Intestine
82.5%
Pancreas
78.3%
Anus
78%
Gall bladder
77.5%
Rectum
75.1%
Oral cavity
74.5%
Caecum
37.8%

You're not logged in!

Compare scores with friends on all Sporcle quizzes.
Sign Up with Email
OR
Log In

You Might Also Like...

Show Comments

Extras

Top Quizzes Today


Score Distribution

Your Account Isn't Verified!

In order to create a playlist on Sporcle, you need to verify the email address you used during registration. Go to your Sporcle Settings to finish the process.